| 000 | 00683nam a2200181Ia 4500 | ||
|---|---|---|---|
| 008 | 151202s9999||||xx |||||||||||||| ||und|| | ||
| 082 | _bPNVM-121855 | ||
| 100 | _aVEDANTA DESIKA/S.U.V.P.S. SWAMI/S.U.V.B.T. NARSIMHCHARYA. | ||
| 245 | _aSTOTRAS OF VEDANTA DESIKA DEVNAGARI & TAMIL SCRIPT. | ||
| 260 | _bSRI VEDANTA DESIKA SAM. SABHA MUMBAI | ||
| 260 | _c1972 | ||
| 300 | _a522 | ||
| 600 | _aVEDANTA DESIKA/S.U.V.P.S. SWAMI/S.U.V.B.T. NARSIMHCHARYA. | ||
| 630 | _aSTOTRAS OF VEDANTA DESIKA DEVNAGARI & TAMIL SCRIPT. | ||
| 700 | _aVEDANTA DESIKA/S.U.V.P.S. SWAMI/S.U.V.B.T. NARSIMHCHARYA. | ||
| 730 | _aSTOTRAS OF VEDANTA DESIKA DEVNAGARI & TAMIL SCRIPT. | ||
| 942 | _cBOOK | ||
| 999 |
_c1351984 _d1351981 |
||